| 000 | 00817nam a2200217 i 4500 | ||
|---|---|---|---|
| 001 | bgj | ||
| 245 | 0 | 0 |
_aEin fahrendes Frauenzimmer : _bDie Lebenserinnerungen der Komödiantin Karoline Schultze-Kummerfeld : 1745-1815 / _cHerausgegeben von Inge Buck. |
| 260 |
_aMünchen : _bDeutscher Taschenbuch Verlag, _c1994. |
||
| 300 |
_a289 S. ; _c20 cm. |
||
| 490 | 1 |
_aDTV. DTV Klassik: Literatur, Philosophie, Wissenschaft ; _v2332 |
|
| 600 | 1 | 9 |
_aSchultze-Kummerfeld, Karoline 1745-1815 _xAutobiographie |
| 700 | 1 |
_aSCHULTZE-KUMMERFELD, Karoline _d(1745-1815) |
|
| 700 | 1 |
_aBUCK, Inge. _eHrsg. |
|
| 830 | 0 |
_aDTV. _pDTV Klassik: Literatur, Philosophie, Wissenschaft |
|
| 020 | _a34230323325 | ||
| 040 | _cBPK | ||
| 041 | 0 | _ager | |
| 920 | _a3-423-03-2332-5 | ||
| 942 | _cKS | ||
| 008 | s gw f |000 0 ger | ||
| 999 |
_c50923 _d50923 |
||
| 856 |
_uhttp://koha.tu.koszalin.pl/cgi-bin/koha/opac-detail.pl?biblionumber=50923 _yKatalog online BPK |
||